000 00308nam a22001217a 4500
008 160510b xxu||||| |||| 00| 0 eng d
020 _a9781401813987
020 _a9781401813984
041 _aeng
080 _a61
245 _aMedical office practice:
_cPhillip atkinson; Diane aar. Miller;
942 _2udc
_cBK
999 _c2004
_d2004